Catálogo
 En Linea

Ingeniería de carreteras : (Registro nro. 22669)

Detalles MARC
000 -CABECERA
campo de control de longitud fija 01031nam a2200277 a 4500
001 - NÚMERO DE CONTROL
campo de control 000023172
005 - FECHA Y HORA DE LA ÚLTIMA TRANSACCIÓN
campo de control 20200930022032.0
008 - DATOS DE LONGITUD FIJA--INFORMACIÓN GENERAL
campo de control de longitud fija 101129s1969 mx a 001 0 spa d
040 ## - FUENTE DE LA CATALOGACIÓN
Centro catalogador/agencia de origen DO-SdBNP
Lengua de catalogación spa
Centro/agencia transcriptor BNPHU
082 ## - NÚMERO DE LA CLASIFICACIÓN DECIMAL DEWEY
Número de clasificación 625.7
Número de documento/Ítem O35i
049 ## - FONDOS LOCALES (OCLC)
Fondos de biblioteca BNGR
100 1# - ENTRADA PRINCIPAL--NOMBRE DE PERSONA
Nombre de persona Oglesby H., Clarkson
9 (RLIN) 47705
240 10 - TÍTULO UNIFORME
Título uniforme Highway engineering.
Lenguaje de la obra Español
245 10 - MENCIÓN DE TÍTULO
Título Ingeniería de carreteras :
Resto del título calles, viaductos y pasos a desnivel /
Mención de responsabilidad, etc. Clarkson H. Oglesby, Laurence I. Hewes ; traducido por Pompeyo Flores B.
260 ## - PUBLICACIÓN, DISTRIBUCIÓN, ETC.
Lugar de publicación, distribución, etc. México :
Nombre del editor, distribuidor, etc. Continental,
Fecha de publicación, distribución, etc. 1969.
300 ## - DESCRIPCIÓN FÍSICA
Extensión 858 p. :
Otras características físicas il. ;
Dimensiones 23 cm.
504 ## - NOTA DE BIBLIOGRAFÍA, ETC.
Nota de bibliografía, etc. Incluye referencias bibliográficas y notas al pie de las páginas.
500 ## - NOTA GENERAL
Nota general El primer ejemplar es la cuarta reimpresión del 1976.
534 ## - NOTA SOBRE LA VERSIÓN ORIGINAL
Frase introductoria Título original en Inglés:
Mención de título del original Highway engineering.
650 #4 - PUNTO DE ACCESO ADICIONAL DE MATERIA--TÉRMINO DE MATERIA
Término de materia o nombre geográfico como elemento de entrada Construcción de carreteras
9 (RLIN) 47706
650 #4 - PUNTO DE ACCESO ADICIONAL DE MATERIA--TÉRMINO DE MATERIA
Término de materia o nombre geográfico como elemento de entrada Ingeniería de carreteras
9 (RLIN) 47707
650 #4 - PUNTO DE ACCESO ADICIONAL DE MATERIA--TÉRMINO DE MATERIA
Término de materia o nombre geográfico como elemento de entrada Calles
9 (RLIN) 47708
650 #4 - PUNTO DE ACCESO ADICIONAL DE MATERIA--TÉRMINO DE MATERIA
Término de materia o nombre geográfico como elemento de entrada Puentes
9 (RLIN) 47709
700 1# - PUNTO DE ACCESO ADICIONAL--NOMBRE DE PERSONA
Nombre de persona Flores B., Pompeyo,
Término indicativo de función/relación tr.
9 (RLIN) 47710
910 ## - DATOS DE OPCIÓN DEL USUARIO (OCLC)
Datos de opción del usuario WM
Existencias
Estado de retiro Estado de pérdida Restricciones de uso No para préstamo Código de colección Localización permanente Ubicación/localización actual Ubicación en estantería Fecha de adquisición Número de inventario Total de préstamos Signatura topográfica completa Código de barras Fecha visto por última vez Precio válido a partir de Tipo de ítem Koha Número de copia
        Monografías: Libros y Folletos General General Depósito 29.11.2010 LF1   625.7 O35i 23172-10 25.06.2020 25.06.2020 Préstamo en sala  
      Préstamo restrigido Monografías: Libros y Folletos General General Depósito 29.11.2010 LF1   625.7 O35i 23172-20 25.06.2020 25.06.2020 Préstamo en sala e.2

Con tecnología Koha